|
|
|
|
| LEADER |
01557nam a2200337 a 4500 |
| 001 |
1177088 |
| 008 |
100111s1995 bg b 000 0 eng d |
| 010 |
|
|
|a 96901205
|
| 020 |
|
|
|a 984494001X
|
| 040 |
|
|
|a DLC
|c DLC
|d DLC
|d BD-DhAAL
|
| 082 |
0 |
0 |
|a 324.95492/051
|2 21
|
| 245 |
0 |
0 |
|a Handbook on election reporting :
|b the reporter's guide /
|c edotors,Q. A.Tahmina, Philip Gain and Shishir Moral
|
| 260 |
|
|
|a Dhaka, Bangladesh :
|b Society for Environment and Human Development,
|c c1995.
|
| 300 |
|
|
|a 255 p. ;
|c 23 cm.
|
| 500 |
|
|
|a "Tips, background, and relevant information to help cover the sixth parliamentary elections, Bangladesh."
|
| 500 |
|
|
|a Editors: Q.A. Tahmina, Philip Gain, and Shishir Moral.
|
| 504 |
|
|
|a Includes bibliographical references.
|
| 541 |
1 |
|
|e 00005618
|
| 610 |
2 |
0 |
|a Bangladesh.
|b Jātīẏa Saṃsada
|x Elections.
|
| 650 |
|
0 |
|a Elections
|z Bangladesh.
|
| 650 |
|
0 |
|a Reporters and reporting
|z Bangladesh.
|
| 650 |
|
0 |
|a Press and politics
|z Bangladesh.
|
| 653 |
|
|
|a B-21
|
| 700 |
1 |
|
|a Tahmina, Q. A.
|
| 700 |
1 |
|
|a Gain, Philip.
|
| 700 |
1 |
|
|a Moral, Shishir.
|
| 710 |
2 |
|
|a Society for Environment and Human Development (Dhaka, Bangladesh)
|
| 852 |
4 |
|
|a Ayesha Abed Library
|j General shelf
|
| 999 |
|
|
|c 6877
|d 6877
|
| 952 |
|
|
|0 0
|1 0
|2 ddc
|4 0
|6 324_954920510000000_HAN_1995
|7 0
|9 7088
|a BRACUL
|b BRACUL
|c GEN
|d 2010-01-12
|g 200.00
|l 0
|o 324.95492051 HAN
|p 3010005618
|r 2010-01-12
|t 1
|w 2010-01-12
|y BK
|
| 952 |
|
|
|0 0
|1 0
|2 ddc
|4 0
|6 324_954920510000000_HAN
|7 0
|9 24258
|a SCL
|b SCL
|c GEN
|d 2002-02-18
|l 0
|o 324.95492051 HAN
|p 3020003706
|r 2014-04-28
|t 2
|w 2014-04-28
|y BK
|